000 00381nam a2200157Ia 4500
003 Ost
005 20260225132551.0
008 260225s9999||||xx |||||||||||||| ||und||
040 _cfsic
041 _afre
082 _a791.43
100 _aFaubourg saint honeré
_eAuteur
245 0 _aRepertoire generale des films 1958 /
245 0 _cFaubourg saint honeré
942 _cكتاب
999 _c34138
_d34138